[Event "Lindores Abbey Tal Blitz 2021"]
[Site "Riga"]
[Date "2021.11.08"]
[Round "3.15"]
[White "Jumabayev, Rinat"]
[Black "Kovalenko, Igor"]
[Result "0-1"]
[WhiteElo "2658"]
[BlackElo "2668"]
[Annotator "ChessBase"]
[PlyCount "108"]
[EventDate "2021.11.02"]
[EventType "swiss"]
[EventCountry "LAT"]
[SourceTitle "playchess.com"]
[Source "ChessBase"]
[SourceQuality "1"]

1. Nf3 d5 2. g3 Nd7 3. d4 Nb6 4. Nc3 Bf5 5. Nh4 Bg4 6. h3 Bh5 7. Bg2 e6 8. O-O
Be7 9. Nf3 Nf6 10. Qe1 O-O 11. e4 Bb4 12. Nd2 Bg6 13. e5 Nfd7 14. Qd1 c5 15.
dxc5 Nxc5 16. Ne2 Ncd7 17. c3 Bc5 18. Nf3 Nc4 19. b4 Bb6 20. Bf4 a5 21. a3 Be4
22. Ned4 h6 23. h4 Qe7 24. Re1 Rfc8 25. Qe2 Bc7 26. Nd2 Nxd2 27. Qxd2 Bxg2 28.
Kxg2 Nb6 29. Nb5 Nc4 30. Qd3 Qd7 31. Nd4 Bb6 32. Nf3 Qe8 33. h5 Nb2 34. Qd2 Na4
35. Rac1 Rc4 36. Qd3 Rac8 37. Bd2 Qc6 38. Kg1 Nxc3 39. bxa5 Bxa5 40. Kg2 Bb6
41. Rc2 Ne4 42. Rxc4 Qxc4 43. Qxc4 Rxc4 44. Be3 Bxe3 45. Rxe3 Rc2 46. Rb3 Rxf2+
47. Kg1 Kh7 48. g4 g6 49. hxg6+ Kxg6 50. Nd4 Rf4 51. Rxb7 Rxg4+ 52. Kh2 Ng5 53.
Nc6 Kf5 54. Rb3 Rc4 0-1

[Event "Lindores Abbey Tal Blitz 2021"]
[Site "Riga"]
[Date "2021.11.08"]
[Round "3.16"]
[White "Sadhwani, Raunak"]
[Black "Dubov, Daniil"]
[Result "0-1"]
[WhiteElo "2609"]
[BlackElo "2714"]
[Annotator "TA"]
[PlyCount "78"]
[EventDate "2021.11.02"]
[EventType "swiss"]
[EventCountry "LAT"]
[SourceTitle "playchess.com"]
[Source "ChessBase"]
[SourceQuality "1"]

1. c4 c6 2. d4 d5 3. Nf3 Nf6 4. e3 Bf5 5. Nc3 e6 6. Nh4 Bg6 7. Nxg6 hxg6 8. Qb3
Qc7 9. Bd2 Be7 10. h4 dxc4 11. Bxc4 Nbd7 12. Be2 O-O 13. g4 c5 14. g5 cxd4 15.
exd4 Nh5 16. O-O-O Qb6 17. Qc2 Rac8 18. Kb1 Bb4 19. Qb3 Bxc3 20. bxc3 Qc6 21.
c4 Nb6 22. Rc1 Qe4+ 23. Bd3 Qxd4 24. Be3 Qe5 25. Rhe1 Qc7 26. Be4 Rfd8 27. c5
Nd5 28. Bd4 Qf4 29. Bb2 Qxh4 30. Qxb7 Rb8 31. c6 Rxb7 32. cxb7 Nb6 33. Be5 Qxg5
34. Bc7 Rf8 35. Bd6 Rd8 36. Bc7 Qb5+ 37. Ka1 Na4 38. Rc2 Qb4 39. Bxd8 Qxe1+ 0-1

[Event "Lindores Abbey Tal Blitz 2021"]
[Site "Riga"]
[Date "2021.11.08"]
[Round "3.17"]
[White "Korobov, Anton"]
[Black "Sargissian, Gabriel"]
[Result "1/2-1/2"]
[WhiteElo "2684"]
[BlackElo "2664"]
[Annotator "ChessBase"]
[PlyCount "71"]
[EventDate "2021.11.02"]
[EventType "swiss"]
[EventCountry "LAT"]
[SourceTitle "playchess.com"]
[Source "ChessBase"]
[SourceQuality "1"]

1. d4 Nf6 2. c4 e6 3. Nf3 d5 4. Nc3 h6 5. Qb3 Be7 6. Bf4 O-O 7. e3 c5 8. dxc5
Nbd7 9. a3 Nxc5 10. Qc2 Bd7 11. Rd1 Rc8 12. Ne5 dxc4 13. Bxc4 Qe8 14. O-O Bc6
15. Nxc6 Qxc6 16. Nb5 Nce4 17. Rc1 Qb6 18. Qe2 Nd6 19. Nxd6 Bxd6 20. Bxd6 Qxd6
21. Rfd1 Qb6 22. Ba2 Rxc1 23. Rxc1 Rd8 24. g3 g5 25. Bb1 Kg7 26. Rc4 Qb3 27.
Kg2 Qd1 28. Qxd1 Rxd1 29. Bc2 Rd2 30. Kf1 Ng4 31. Rxg4 Rxc2 32. Rb4 b6 33. a4
h5 34. a5 bxa5 35. Rb5 Kg6 36. Rxa5 1/2-1/2

[Event "Lindores Abbey Tal Blitz 2021"]
[Site "Riga"]
[Date "2021.11.08"]
[Round "3.18"]
[White "Ganguly, Surya Shekhar"]
[Black "Matlakov, Maxim"]
[Result "1/2-1/2"]
[WhiteElo "2633"]
[BlackElo "2691"]
[Annotator "ChessBase"]
[PlyCount "52"]
[EventDate "2021.11.02"]
[EventType "swiss"]
[EventCountry "LAT"]
[SourceTitle "playchess.com"]
[Source "ChessBase"]
[SourceQuality "1"]

1. e4 c5 2. Nf3 d6 3. d4 cxd4 4. Nxd4 Nf6 5. Nc3 a6 6. a3 e5 7. Nf5 d5 8. Bg5
d4 9. Bxf6 gxf6 10. Nb1 Bxf5 11. exf5 Qd5 12. Qd3 Nd7 13. Nd2 Nc5 14. Qh3 h5
15. Bc4 Qc6 16. b4 Ne4 17. Qb3 Nxd2 18. Bxf7+ Ke7 19. Kxd2 Bh6+ 20. Kd1 Qxg2
21. Qe6+ Kf8 22. Bg6 Qxh1+ 23. Ke2 Qe4+ 24. Kf1 Qh1+ 25. Ke2 Qe4+ 26. Kf1 Qh1+
1/2-1/2

[Event "Lindores Abbey Tal Blitz 2021"]
[Site "Riga"]
[Date "2021.11.08"]
[Round "3.19"]
[White "Dreev, Aleksey"]
[Black "Bartel, Mateusz"]
[Result "1/2-1/2"]
[WhiteElo "2635"]
[BlackElo "2619"]
[Annotator "ChessBase"]
[PlyCount "96"]
[EventDate "2021.11.02"]
[EventType "swiss"]
[EventCountry "LAT"]
[SourceTitle "playchess.com"]
[Source "ChessBase"]
[SourceQuality "1"]

1. d4 e6 2. c4 b6 3. Nf3 Bb7 4. g3 Bb4+ 5. Bd2 Bxf3 6. exf3 Bxd2+ 7. Qxd2 d5 8.
Nc3 c6 9. f4 Ne7 10. Rd1 O-O 11. Bd3 dxc4 12. Bxc4 Nd7 13. Ne4 Qc7 14. O-O Rfd8
15. Rfe1 Nf8 16. Qc3 Rd7 17. Ng5 Rad8 18. Rd3 Nd5 19. Qd2 Ne7 20. Qc3 b5 21.
Bb3 c5 22. Rdd1 Rxd4 23. Rxd4 Rxd4 24. Bc2 Nd5 25. Qa3 b4 26. Qa4 Nxf4 27. gxf4
Qxf4 28. Ne4 f5 29. Ng3 Rd2 30. Rf1 Qg5 31. Bb3 f4 32. Qe8 Rd8 33. Qc6 fxg3 34.
hxg3 Qe5 35. Rc1 Rd2 36. Qxc5 Qxc5 37. Rxc5 Rxb2 38. Ra5 Kf7 39. Rxa7+ Kf6 40.
Rb7 Ng6 41. Rxb4 Ne5 42. Rb6 Nf3+ 43. Kg2 Nd4 44. Rb7 h6 45. Bd5 Rd2 46. Bc4
Rc2 47. Bb3 Rb2 48. Bd5 Rd2 1/2-1/2

[Event "Lindores Abbey Tal Blitz 2021"]
[Site "Riga"]
[Date "2021.11.08"]
[Round "3.20"]
[White "Svidler, Peter"]
[Black "Yilmaz, Mustafa"]
[Result "1-0"]
[WhiteElo "2694"]
[BlackElo "2626"]
[Annotator "ChessBase"]
[PlyCount "86"]
[EventDate "2021.11.02"]
[EventType "swiss"]
[EventCountry "LAT"]
[SourceTitle "playchess.com"]
[Source "ChessBase"]
[SourceQuality "1"]

1. e4 c5 2. Nf3 d6 3. Bb5+ Nd7 4. O-O a6 5. Be2 Ngf6 6. Nc3 e6 7. d4 cxd4 8.
Nxd4 b5 9. f4 Bb7 10. Bf3 Qc7 11. a3 Be7 12. Be3 O-O 13. Qe2 Nb6 14. Rae1 Nc4
15. Bc1 Nxa3 16. e5 Bxf3 17. Rxf3 dxe5 18. fxe5 Bc5 19. exf6 Bxd4+ 20. Kh1 Nc4
21. Ne4 Rfd8 22. c3 Be5 23. Rh3 gxf6 24. Qg4+ Kf8 25. Rxh7 Ke7 26. Nxf6 Rh8 27.
Bg5 Rxh7 28. Nd5+ Kd7 29. Nxc7 Bxc7 30. Rd1+ Nd6 31. Bf4 Rah8 32. h3 Rh5 33.
Qg3 Rd5 34. Rxd5 exd5 35. Qg7 Re8 36. Kh2 Kc6 37. h4 Re4 38. g3 Re2+ 39. Kh3
Ne4 40. Bxc7 f5 41. Bf4 Nf2+ 42. Kg2 Nd3+ 43. Kf3 Rxb2 1-0

[Event "Lindores Abbey Tal Blitz 2021"]
[Site "Riga"]
[Date "2021.11.08"]
[Round "3.21"]
[White "Firat, Burak"]
[Black "Ponomariov, Ruslan"]
[Result "0-1"]
[WhiteElo "2480"]
[BlackElo "2633"]
[Annotator "ChessBase"]
[PlyCount "115"]
[EventDate "2021.11.02"]
[EventType "swiss"]
[EventCountry "LAT"]
[SourceTitle "playchess.com"]
[Source "ChessBase"]
[SourceQuality "1"]

1. e4 e5 2. Nf3 Nc6 3. Bb5 a6 4. Ba4 Nf6 5. O-O Be7 6. Re1 b5 7. Bb3 d6 8. c3
O-O 9. d4 Bg4 10. Be3 exd4 11. cxd4 d5 12. e5 Ne4 13. Nc3 Nxc3 14. bxc3 Qd7 15.
h3 Bh5 16. g4 Bg6 17. Bf4 Na5 18. Bc2 Nc4 19. Bg3 a5 20. Bxg6 fxg6 21. e6 Qc6
22. Ne5 Nxe5 23. Bxe5 Bh4 24. e7 Bxe7 25. Bxg7 Rf7 26. Be5 Bh4 27. Re2 Qxc3 28.
Kh2 Bxf2 29. Rc1 Qf3 30. Rxc7 Raf8 31. Rxf7 Rxf7 32. Qc2 Rf8 33. g5 Be3 34. Rg2
Bxd4 35. Bxd4 Qf4+ 36. Kh1 Qxd4 37. Qc7 Rf1+ 38. Kh2 Qf4+ 39. Qxf4 Rxf4 40. Rd2
Ra4 41. Kg3 d4 42. Kf4 Kf7 43. Ke5 Ke7 44. Kd5 Ra3 45. h4 d3 46. Kc5 b4 47. Kd5
Rc3 48. Kd4 Ke6 49. Rf2 Rc2 50. Rf6+ Ke7 51. Kxd3 Rxa2 52. Ra6 b3 53. Kc3 a4
54. Ra7+ Ke6 55. Rxh7 b2 56. Rb7 a3 57. Rb5 Ra1 58. Kd4 0-1

[Event "Lindores Abbey Tal Blitz 2021"]
[Site "Riga"]
[Date "2021.11.08"]
[Round "3.22"]
[White "Xiong, Jeffery"]
[Black "Abasov, Nijat"]
[Result "1-0"]
[WhiteElo "2687"]
[BlackElo "2634"]
[Annotator "ChessBase"]
[PlyCount "69"]
[EventDate "2021.11.02"]
[EventType "swiss"]
[EventCountry "LAT"]
[SourceTitle "playchess.com"]
[Source "ChessBase"]
[SourceQuality "1"]

1. e4 c5 2. Nc3 e6 3. Nf3 Nc6 4. d4 cxd4 5. Nxd4 Nf6 6. Ndb5 d6 7. Bf4 e5 8.
Bg5 a6 9. Bxf6 gxf6 10. Na3 b5 11. Nd5 f5 12. c3 Bg7 13. exf5 Bxf5 14. Nc2 Be6
15. Nce3 Ne7 16. Nxe7 Qxe7 17. Qf3 O-O 18. Bd3 f5 19. Bxf5 Kh8 20. Qh5 Bxf5 21.
Nxf5 Qf6 22. g4 d5 23. Rd1 Rad8 24. Rd3 Qg6 25. Qxg6 hxg6 26. Ne7 Rfe8 27. Rh3+
Bh6 28. Rxh6+ Kg7 29. Rxg6+ Kf7 30. Rxa6 Rxe7 31. Rb6 d4 32. Rxb5 dxc3 33. bxc3
Kf6 34. h4 Red7 35. O-O 1-0

[Event "Lindores Abbey Tal Blitz 2021"]
[Site "Riga"]
[Date "2021.11.08"]
[Round "3.24"]
[White "Adly, Ahmed"]
[Black "Kosteniuk, Alexandra"]
[Result "1-0"]
[WhiteElo "2602"]
[BlackElo "2518"]
[Annotator "ChessBase"]
[PlyCount "67"]
[EventDate "2021.11.02"]
[EventType "swiss"]
[EventCountry "LAT"]
[SourceTitle "playchess.com"]
[Source "ChessBase"]
[SourceQuality "1"]

1. Nf3 Nf6 2. g3 b6 3. Bg2 Bb7 4. O-O e6 5. d4 Be7 6. c4 O-O 7. d5 exd5 8. Nh4
c6 9. cxd5 Nxd5 10. Nf5 Na6 11. e4 Ndc7 12. e5 Ne6 13. Qg4 Kh8 14. Nc3 Nac5 15.
b4 Nd3 16. Qe2 Nxc1 17. Raxc1 Bxb4 18. Ne4 a5 19. Rfd1 Be7 20. Qg4 c5 21. f4 g6
22. Nxe7 Bxe4 23. Bxe4 Qxe7 24. Bxa8 Rxa8 25. Rd6 b5 26. Qf3 Ra7 27. Qd3 c4 28.
Qd5 Rc7 29. Qxb5 Qd8 30. Rxc4 Rxc4 31. Qxc4 Qb8 32. Rxd7 Qb2 33. Rxf7 Kg8 34.
Re7 1-0

[Event "Lindores Abbey Tal Blitz 2021"]
[Site "Riga"]
[Date "2021.11.08"]
[Round "3.25"]
[White "Ivic, Velimir"]
[Black "Bluebaum, Matthias"]
[Result "1/2-1/2"]
[WhiteElo "2620"]
[BlackElo "2647"]
[Annotator "ChessBase"]
[PlyCount "302"]
[EventDate "2021.11.02"]
[EventType "swiss"]
[EventCountry "LAT"]
[SourceTitle "playchess.com"]
[Source "ChessBase"]
[SourceQuality "1"]

1. e4 e6 2. d4 d5 3. e5 c5 4. c3 Nc6 5. Nf3 Bd7 6. Bd3 cxd4 7. cxd4 Qb6 8. O-O
Nxd4 9. Nbd2 Nxf3+ 10. Nxf3 Bb5 11. a4 Bxd3 12. Qxd3 Qa6 13. Qb3 Bc5 14. Bg5
Ne7 15. Rac1 b6 16. a5 Qxa5 17. Qd3 Nc6 18. Bd2 Qa4 19. b3 Nb4 20. Qe2 Qa6 21.
Qd1 O-O 22. Ng5 h6 23. Nh3 Nc6 24. Bf4 Nd4 25. Kh1 Qe2 26. b4 Qxd1 27. Rfxd1
Ne2 28. bxc5 Nxc1 29. Rxc1 bxc5 30. Rxc5 a5 31. Bd2 a4 32. Rc1 Rfc8 33. Ra1 Rc2
34. Bb4 g5 35. f3 Re2 36. Bd6 Kg7 37. Ng1 Rb2 38. h4 Kg6 39. Kh2 Kf5 40. hxg5
hxg5 41. Kg3 Ra6 42. Nh3 f6 43. Ba3 Rb3 44. exf6 Kxf6 45. Nf2 e5 46. Ng4+ Kf5
47. Be7 a3 48. Re1 Re6 49. Bxa3 Rxa3 50. Ne3+ Rxe3 51. Rxe3 d4 52. Ra3 Rd6 53.
Kf2 g4 54. Ra8 gxf3 55. gxf3 Rb6 56. Rf8+ Ke6 57. Ke2 Rb3 58. Re8+ Kf6 59. Rf8+
Ke7 60. Rf5 Ke6 61. Rf8 Re3+ 62. Kd2 Ke7 63. Rf5 Ke6 64. Rf8 Ra3 65. Ke2 Ra7
66. Re8+ Re7 67. Rd8 Rf7 68. Re8+ Kf5 69. Rh8 Kf4 70. Rh4+ Kg5 71. Rh8 Kf5 72.
Re8 Rf6 73. Re7 Ra6 74. Rf7+ Ke6 75. Rf8 Ra2+ 76. Kd3 Ra3+ 77. Ke2 Ra2+ 78. Kd3
Rf2 79. Ke4 Re2+ 80. Kd3 Re3+ 81. Kd2 Kd7 82. Rf7+ Ke8 83. Rf5 Ke7 84. Kd1 Ke6
85. Rf8 Rb3 86. Ke2 Rb5 87. Kd3 Rb3+ 88. Ke2 Ra3 89. Kd2 Kd5 90. Rd8+ Kc6 91.
Rc8+ Kd7 92. Rf8 Kd6 93. Ke2 Ra7 94. Rd8+ Kc5 95. Rc8+ Kd5 96. Rd8+ Kc6 97. Re8
Ra5 98. Kd3 Kd5 99. Rd8+ Ke6 100. Ke2 Rd5 101. Re8+ Kd7 102. Rh8 Rb5 103. Rf8
Kd6 104. Kd2 Kd5 105. Rd8+ Kc4 106. Rc8+ Rc5 107. Re8 Kd5 108. Rd8+ Ke6 109.
Re8+ Kf7 110. Ra8 Rc3 111. Ke2 Re3+ 112. Kf2 Rb3 113. Ra6 Rb2+ 114. Ke1 Ke7
115. Rh6 Rc2 116. Ra6 Kd7 117. Rh6 Ke7 118. Ra6 d3 119. Ra3 Re2+ 120. Kd1 Re3
121. Kd2 Rxf3 122. Rxd3 Rf2+ 123. Ke3 Rf4 124. Rd5 Ke6 125. Ra5 Rh4 126. Ke2
Kf5 127. Ke3 Rh3+ 128. Ke2 Kf4 129. Ra8 Rh2+ 130. Ke1 e4 131. Ra3 Rg2 132. Rb3
Ke5 133. Ra3 Rg7 134. Rb3 Rd7 135. Ra3 Kf4 136. Ke2 Rb7 137. Rc3 Rb2+ 138. Ke1
Ra2 139. Rb3 Rg2 140. Ra3 Rg1+ 141. Ke2 Rh1 142. Rb3 Rh2+ 143. Ke1 Rh7 144. Ra3
Rd7 145. Ke2 Rd8 146. Rb3 Rc8 147. Ra3 Rc2+ 148. Ke1 e3 149. Ra8 Rc1+ 150. Ke2
Rc2+ 151. Ke1 Rc1+ 1/2-1/2

[Event "Lindores Abbey Tal Blitz 2021"]
[Site "Riga"]
[Date "2021.11.08"]
[Round "3.26"]
[White "Meshkovs, Nikita"]
[Black "Zvjaginsev, Vadim"]
[Result "0-1"]
[WhiteElo "2557"]
[BlackElo "2609"]
[Annotator "ChessBase"]
[PlyCount "132"]
[EventDate "2021.11.02"]
[EventType "swiss"]
[EventCountry "LAT"]
[SourceTitle "playchess.com"]
[Source "ChessBase"]
[SourceQuality "1"]

1. d4 d6 2. Nf3 Nf6 3. c4 g6 4. Nc3 Bf5 5. Nh4 Bd7 6. g3 Bg7 7. Bg2 Nc6 8. O-O
O-O 9. Nf3 Re8 10. b3 Bf5 11. Nh4 Bd7 12. Bb2 Qc8 13. d5 Ne5 14. f4 Neg4 15.
Qd2 h5 16. e4 e5 17. h3 Nh6 18. fxe5 Rxe5 19. Kh2 Qd8 20. Rae1 Qe7 21. Nf3 Nxe4
22. Nxe4 Rxe4 23. Bxg7 Kxg7 24. Ng5 Re5 25. Nf3 Rxe1 26. Rxe1 Qf6 27. Ng5 Re8
28. Rf1 Bf5 29. Qf4 Qe5 30. Kg1 Qxf4 31. Rxf4 f6 32. Nf3 g5 33. Rd4 Re2 34. Rd2
Rxd2 35. Nxd2 Bc2 36. Bf3 g4 37. hxg4 hxg4 38. Be2 f5 39. Kf2 Kf6 40. Ke3 Nf7
41. b4 Ne5 42. a3 Ng6 43. c5 Ne7 44. Kd4 Nc8 45. Nc4 b6 46. c6 Ne7 47. Ne3 Be4
48. Bxg4 Bxd5 49. Nxd5+ Nxd5 50. Bxf5 Nxb4 51. Be4 Na6 52. Bd3 Nc5 53. Bc4 Ne6+
54. Bxe6 Kxe6 55. g4 Kf6 56. Kd5 b5 57. g5+ Ke7 58. g6 a5 59. g7 Kf7 60. g8=Q+
Kxg8 61. Ke6 b4 62. axb4 axb4 63. Kd7 b3 64. Kxc7 b2 65. Kxd6 b1=Q 66. c7 Qf5
0-1

[Event "Lindores Abbey Tal Blitz 2021"]
[Site "Riga"]
[Date "2021.11.08"]
[Round "3.27"]
[White "Donchenko, Alexander"]
[Black "Nihal Sarin"]
[Result "0-1"]
[WhiteElo "2645"]
[BlackElo "2650"]
[Annotator "ChessBase"]
[PlyCount "26"]
[EventDate "2021.11.02"]
[EventType "swiss"]
[EventCountry "LAT"]
[SourceTitle "playchess.com"]
[Source "ChessBase"]
[SourceQuality "1"]

1. Nf3 g6 2. g3 Bg7 3. d4 d6 4. Bg2 Nc6 5. O-O Bd7 6. d5 Ne5 7. Nxe5 Bxe5 8.
Nc3 Qc8 9. e4 Bh3 10. Qe2 h5 11. f4 Bxc3 12. bxc3 h4 13. f5 hxg3 0-1

[Event "Lindores Abbey Tal Blitz 2021"]
[Site "Riga"]
[Date "2021.11.08"]
[Round "3.28"]
[White "Ernst, Sipke"]
[Black "Cheparinov, Ivan"]
[Result "0-1"]
[WhiteElo "2532"]
[BlackElo "2677"]
[Annotator "ChessBase"]
[PlyCount "72"]
[EventDate "2021.11.02"]
[EventType "swiss"]
[EventCountry "LAT"]
[SourceTitle "playchess.com"]
[Source "ChessBase"]
[SourceQuality "1"]

1. d4 Nf6 2. c4 e6 3. g3 d5 4. Nf3 Bb4+ 5. Bd2 a5 6. Bg2 O-O 7. O-O dxc4 8. Qc2
Bxd2 9. Nbxd2 b5 10. b3 cxb3 11. Nxb3 c6 12. Rfd1 Nd5 13. h4 h6 14. Ne5 a4 15.
Nc5 Ra7 16. Ncd3 Rc7 17. Rac1 Qd6 18. Nc5 Rd8 19. a3 Na6 20. Nxa6 Bxa6 21. Qc5
Qxc5 22. Rxc5 Ne7 23. e3 Bb7 24. Rdc1 Rdc8 25. Nd3 Kf8 26. Nb4 Ke8 27. Kh2 Kd7
28. g4 Ng6 29. Kg3 Kd6 30. f4 Nf8 31. e4 Nd7 32. e5+ Ke7 33. R5c3 c5 34. Bxb7
Rxb7 35. dxc5 Rbc7 36. Nd3 Ke8 0-1

[Event "Lindores Abbey Tal Blitz 2021"]
[Site "Riga"]
[Date "2021.11.08"]
[Round "3.29"]
[White "Grandelius, Nils"]
[Black "Zhou, Jianchao"]
[Result "1-0"]
[WhiteElo "2669"]
[BlackElo "2616"]
[Annotator "ChessBase"]
[PlyCount "67"]
[EventDate "2021.11.02"]
[EventType "swiss"]
[EventCountry "LAT"]
[SourceTitle "playchess.com"]
[Source "ChessBase"]
[SourceQuality "1"]

1. Nf3 c5 2. e3 Nc6 3. d4 cxd4 4. exd4 d5 5. Nbd2 Bg4 6. h3 Bh5 7. Bb5 e6 8. g4
Bg6 9. Ne5 Rc8 10. h4 f6 11. Nxg6 hxg6 12. c3 Bd6 13. Nf3 Nge7 14. Be3 Kf7 15.
Qe2 Qc7 16. Bd3 Na5 17. h5 gxh5 18. Rxh5 Nc4 19. O-O-O Rxh5 20. gxh5 Bf4 21.
Kb1 Nxe3 22. fxe3 Bh6 23. e4 Qd7 24. Re1 a6 25. exd5 Nxd5 26. Bg6+ Ke7 27. Nh4
Nf4 28. Qe4 Kf8 29. Rf1 Qc7 30. Bh7 f5 31. Nxf5 exf5 32. Qxf5+ Ke7 33. Re1+ Kd6
34. Qe5+ 1-0

[Event "Lindores Abbey Tal Blitz 2021"]
[Site "Riga"]
[Date "2021.11.08"]
[Round "3.30"]
[White "Moussard, Jules"]
[Black "Miezis, Normunds"]
[Result "0-1"]
[WhiteElo "2632"]
[BlackElo "2446"]
[Annotator "ChessBase"]
[PlyCount "130"]
[EventDate "2021.11.02"]
[EventType "swiss"]
[EventCountry "LAT"]
[SourceTitle "playchess.com"]
[Source "ChessBase"]
[SourceQuality "1"]

1. Nf3 c5 2. e3 e6 3. b3 Nf6 4. Bb2 b6 5. Rg1 Bb7 6. g4 h6 7. h4 Nc6 8. g5 hxg5
9. hxg5 Ne4 10. d3 Nd6 11. Nbd2 Qc7 12. Bg2 Nf5 13. Qe2 Nb4 14. Nf1 d5 15. a3
Nc6 16. O-O-O O-O-O 17. Kb1 d4 18. N1d2 Kb8 19. Ne4 Be7 20. Rh1 a6 21. Nfd2 Ka7
22. Ka2 a5 23. a4 Nb4+ 24. Kb1 Nd5 25. Nc4 Ba6 26. Qf3 Bb7 27. Bh3 g6 28. Qe2
Ba6 29. Bxf5 gxf5 30. Rxh8 Rxh8 31. exd4 cxd4 32. Bxd4 Rd8 33. Nf6 Bxf6 34.
gxf6 Kb7 35. Qf3 Qc6 36. Kb2 Bxc4 37. dxc4 Nxf6 38. Qe3 Ng4 39. Qe2 e5 40. Bc3
Rxd1 41. Qxd1 Nxf2 42. Qh5 Qg6 43. Qf3+ Ne4 44. Bxe5 Qe6 45. Bd4 Qd7 46. Qe3
Qd6 47. Bg7 Qg6 48. Qd4 Qe6 49. Qd8 Nc5 50. Bd4 Nd7 51. Qg5 Qe4 52. Bc3 f4 53.
Qg7 Qf5 54. Qg2+ f3 55. Qf2 Nc5 56. Bd4 Ne4 57. Qh4 f2 58. Qe7+ Kc6 59. Qe8+
Kc7 60. Be5+ Nd6 61. Qe7+ Kc8 62. Bxd6 Qd7 63. Qf8+ Kb7 64. Qb8+ Kc6 65. c5
f1=Q 0-1

[Event "Lindores Abbey Tal Blitz 2021"]
[Site "Riga"]
[Date "2021.11.08"]
[Round "3.31"]
[White "Ponkratov, Pavel"]
[Black "Dzagnidze, Nana"]
[Result "1-0"]
[WhiteElo "2662"]
[BlackElo "2524"]
[Annotator "ChessBase"]
[PlyCount "81"]
[EventDate "2021.11.02"]
[EventType "swiss"]
[EventCountry "LAT"]
[SourceTitle "playchess.com"]
[Source "ChessBase"]
[SourceQuality "1"]

1. g3 Nf6 2. Bg2 d5 3. c4 e6 4. cxd5 exd5 5. Nf3 Bd6 6. O-O O-O 7. Nc3 c6 8. d3
Re8 9. Qc2 h6 10. e4 dxe4 11. dxe4 Qc7 12. b3 Nbd7 13. Bb2 Nf8 14. Rad1 Bg4 15.
h3 Bxf3 16. Bxf3 Rad8 17. Bg2 Be5 18. f4 Bd4+ 19. Kh2 Bxc3 20. Bxc3 Rxd1 21.
Rxd1 Rd8 22. Re1 Ne6 23. Qb2 Qe7 24. b4 h5 25. f5 Ng5 26. e5 Nd5 27. Bd2 f6 28.
h4 Nf7 29. e6 Ne5 30. Qb3 b5 31. Bf3 Nxf3+ 32. Qxf3 Nxb4 33. Re2 Nd3 34. Qxh5
Ne5 35. Rxe5 Rxd2+ 36. Re2 Rd5 37. Qf3 Kf8 38. Rc2 Qd6 39. Qh5 Kg8 40. Qf7+ Kh7
41. e7 1-0

[Event "Lindores Abbey Tal Blitz 2021"]
[Site "Riga"]
[Date "2021.11.08"]
[Round "3.32"]
[White "Saduakassova, Dinara"]
[Black "Movsesian, Sergei"]
[Result "1/2-1/2"]
[WhiteElo "2491"]
[BlackElo "2618"]
[Annotator "ChessBase"]
[PlyCount "102"]
[EventDate "2021.11.02"]
[EventType "swiss"]
[EventCountry "LAT"]
[SourceTitle "playchess.com"]
[Source "ChessBase"]
[SourceQuality "1"]

1. d4 Nf6 2. Nf3 e6 3. Bf4 c5 4. e3 d5 5. Nbd2 Bd6 6. dxc5 Bxc5 7. c4 Nc6 8.
Rc1 d4 9. exd4 Nxd4 10. Be3 O-O 11. a3 e5 12. b4 Nxf3+ 13. Nxf3 Bxe3 14. Qxd8
Bxf2+ 15. Kxf2 Ng4+ 16. Kg3 Rxd8 17. h3 Nf6 18. Nxe5 Rd2 19. c5 Be6 20. Bc4
Rad8 21. Bxe6 fxe6 22. Nc4 R2d4 23. Nd6 b6 24. Rhe1 bxc5 25. bxc5 Nd7 26. Rxe6
Nxc5 27. Rxc5 R4xd6 28. Rxd6 Rxd6 29. Ra5 a6 30. Kf4 Kf7 31. Rc5 Rd4+ 32. Ke3
Ra4 33. Rc3 g5 34. Kf3 h5 35. g3 Kf6 36. Rc6+ Kf5 37. Rc5+ Kf6 38. Rc6+ Ke7 39.
Rc3 Kd6 40. Rb3 Kd5 41. Rd3+ Ke5 42. Re3+ Kf5 43. Rb3 g4+ 44. hxg4+ hxg4+ 45.
Ke3 Ke5 46. Kd3 Kd5 47. Rc3 a5 48. Rb3 Rd4+ 49. Ke3 Ra4 50. Kd3 Ke5 51. Ke3 Kd5
1/2-1/2

[Event "Lindores Abbey Tal Blitz 2021"]
[Site "Riga"]
[Date "2021.11.08"]
[Round "3.33"]
[White "Adhiban, B.."]
[Black "Javakhishvili, Lela"]
[Result "1-0"]
[WhiteElo "2672"]
[BlackElo "2446"]
[Annotator "ChessBase"]
[PlyCount "67"]
[EventDate "2021.11.02"]
[EventType "swiss"]
[EventCountry "LAT"]
[SourceTitle "playchess.com"]
[Source "ChessBase"]
[SourceQuality "1"]

1. b3 d6 2. Bb2 c5 3. c4 e5 4. g3 Nc6 5. Bg2 g6 6. Nc3 Bg7 7. d3 Nge7 8. Nf3
O-O 9. O-O f5 10. e3 h6 11. Nd2 Be6 12. a3 Kh7 13. Nd5 Qd7 14. f4 Bg8 15. Qc2
Nxd5 16. cxd5 Ne7 17. e4 fxe4 18. dxe4 exf4 19. Bxg7 Kxg7 20. gxf4 Qg4 21. Qc3+
Kh7 22. Qg3 Qxg3 23. hxg3 b5 24. a4 a6 25. Rfe1 Rfb8 26. e5 Nxd5 27. exd6 Kg7
28. Re5 bxa4 29. bxa4 Rb2 30. Bxd5 Rd8 31. Nc4 Rc2 32. Bxg8 Kxg8 33. Rxc5 Kf7
34. Ne5+ 1-0

[Event "Lindores Abbey Tal Blitz 2021"]
[Site "Riga"]
[Date "2021.11.08"]
[Round "3.34"]
[White "Kryvoruchko, Yuriy"]
[Black "Kuybokarov, Temur"]
[Result "1-0"]
[WhiteElo "2681"]
[BlackElo "2549"]
[Annotator "ChessBase"]
[PlyCount "81"]
[EventDate "2021.11.02"]
[EventType "swiss"]
[EventCountry "LAT"]
[SourceTitle "playchess.com"]
[Source "ChessBase"]
[SourceQuality "1"]

1. e4 e5 2. Nf3 Nc6 3. Bb5 a6 4. Ba4 Nf6 5. O-O Bc5 6. d3 d6 7. c3 O-O 8. Nbd2
Ba7 9. Bc2 Nh5 10. d4 Qf6 11. Nxe5 dxe5 12. Qxh5 exd4 13. e5 g6 14. exf6 gxh5
15. Nf3 Bg4 16. Be4 dxc3 17. bxc3 Rfe8 18. Bxc6 bxc6 19. Bf4 Bxf3 20. gxf3 Re6
21. Kh1 Rxf6 22. Bxc7 Re8 23. Rad1 Bc5 24. f4 Rg6 25. Be5 Kf8 26. f5 Rg5 27. f4
Rg4 28. Rd3 f6 29. h3 Rg8 30. Bxf6 Kf7 31. Bg5 Re2 32. Rd7+ Ke8 33. Rfd1 Be7
34. f6 h6 35. fxe7 hxg5 36. Rd8+ Kf7 37. Rxg8 Kxg8 38. Rd8+ Kf7 39. e8=Q+ Rxe8
40. Rxe8 Kxe8 41. fxg5 1-0

[Event "Lindores Abbey Tal Blitz 2021"]
[Site "Riga"]
[Date "2021.11.08"]
[Round "3.35"]
[White "Lujan, Carolina"]
[Black "Oparin, Grigoriy"]
[Result "0-1"]
[WhiteElo "2340"]
[BlackElo "2659"]
[Annotator "ChessBase"]
[PlyCount "32"]
[EventDate "2021.11.02"]
[EventType "swiss"]
[EventCountry "LAT"]
[SourceTitle "playchess.com"]
[Source "ChessBase"]
[SourceQuality "1"]

1. e4 c5 2. Nf3 d6 3. g3 g6 4. Bg2 Bg7 5. O-O Nc6 6. c3 e5 7. a3 Nge7 8. b4 b6
9. Bb2 O-O 10. d3 Rb8 11. b5 Na5 12. c4 f5 13. exf5 gxf5 14. Bc3 Kh8 15. Ra2
Ng6 16. Nbd2 Be6 0-1

[Event "Lindores Abbey Tal Blitz 2021"]
[Site "Riga"]
[Date "2021.11.08"]
[Round "3.36"]
[White "Divya Deshmukh"]
[Black "Esipenko, Andrey"]
[Result "1/2-1/2"]
[WhiteElo "2310"]
[BlackElo "2713"]
[Annotator "TA"]
[PlyCount "75"]
[EventDate "2021.11.02"]
[EventType "swiss"]
[EventCountry "LAT"]
[SourceTitle "playchess.com"]
[Source "ChessBase"]
[SourceQuality "1"]

1. e4 e5 2. Nf3 Nc6 3. Nc3 Nf6 4. Bb5 Bd6 5. d3 a6 6. Ba4 O-O 7. Bg5 h6 8. Bh4
Be7 9. Bxc6 dxc6 10. Nxe5 Nxe4 11. Bxe7 Qxe7 12. Nxc6 bxc6 13. dxe4 Rd8 14. Qc1
Qb4 15. O-O Be6 16. a3 Qb6 17. b4 Qd4 18. Qe3 Qxe3 19. fxe3 a5 20. b5 cxb5 21.
Nxb5 Bc4 22. Rfb1 c5 23. Nc7 Rac8 24. Nd5 Bxd5 25. exd5 Rxd5 26. Rd1 Rcd8 27.
Rxd5 Rxd5 28. Rb1 Rd2 29. Rb5 Rxc2 30. Rxa5 Kh7 31. a4 Kg6 32. Rb5 Kf6 33. a5
Ke6 34. a6 Ra2 35. Rxc5 Rxa6 36. Kf2 Ra2+ 37. Kf3 Kf6 38. Rc6+ 1/2-1/2